000 00564nam a2200181 a 4500
005 20140310183154.0
008 970101s19uu xx 00 eng d
050 _aQA 76.9.D3
_b.B95 1982
100 _aByers, Robert A.
245 _aEveryman's database primer featuring dbase 11 /
_cRobert A. Byers ; Virginia Bare ,editor.
260 _aCulver City ,CA :
_bAshton-tate,
_c1982.
300 _a295 p. :
_bill. ;
_c21 cm.
521 _aIT
650 _adBase 11 (computer program language
650 _aBare, Virginia
942 _cBK
_2lcc
_kFOR
999 _c19727
_d19727